Important WW2 Cities - Statistics

General Stats
  • This quiz has been taken 110 times
  • The average score is 16 of 31
Answer Stats
Hint City % Correct
Site of the german Reichstag and Hitler's Bunker Berlin
92%
City struck by atom bomb "fat man" on August 9 Nagasaki
90%
City struck by atom bomb "little boy" on August 6 Hiroshima
89%
Battle site with the most casualties in human history Stalingrad
89%
Polish city with the biggest jewish ghetto Warsaw
80%
Japanese city firebombed during the Doolittle-Raid Tokyo
77%
French evacuation site in 1940 Dunkirk
76%
Russian city sieged for nearly 3 years by Germany and Finland Leningrad
75%
British city attacked by german bombers during the blitz and V2-Rockets in 1944/45 London
73%
German city firebombed on February 15 Dresden
70%
The encirclement of this city in 1941 led to the capture of nearly 700,000 soviet soldiers Kiev
68%
"Raped" city in China with hundreds of thousands of people being murdered or raped Nanjing
63%
U.S. city which produced more tanks than all of Germany Detroit
61%
Capital of unoccupied France 1941-44 Vichy
60%
British-occupied city in asia, whose capture led to the surrender of around 100,000 british troops Singapore
58%
Site of one of the most important victories for the allies on the eastern front Moscow
55%
Heavily-bombed australian city which was never taken by the japanese Darwin
51%
City with the largest tank battle the world has ever seen Kursk
48%
Site of the 1935 trials to create laws for systematically killing the jews Nuremberg
47%
City where Mussolini was assassinated while he tried to escape from Italy Milan
45%
Major battle in North Africa between Germany and the UK El-Alamein
40%
Capital of unoccupied China Chongqing
24%
City the british failed to capture for the first few days after D-Day Caen
23%
Ukrainian fort city captured back by the soviets in 1944 Odessa
23%
City fiercely defended by axis troops in 1944/45 Budapest
20%
First Major city to be taken in Operation Dragoon Marseille
15%
Major city in Okinawa, taken by the americans in 1945 Naha
15%
Polish city nearby the Auschwitz concentration camp Oswiecim
11%
Indian city which was a major battle site against the japanese Imphal
9%
German city where soviet and american troops met Torgau
3%
Greek city taken by german paratroopers from the british Herakleion
2%
No matching quizzes found
Score Distribution
Percent of People with Each Score
Percentile by Number Answered
Your Score History
You have not taken this quiz